| 000 | 01169cam a2200241 4500 | ||
|---|---|---|---|
| 001 | ABS64101 | ||
| 008 | 000000n2001 000 0 eng u | ||
| 035 | _a(Sirsi) u113567 | ||
| 110 |
_aMace _9462 |
||
| 245 | _aLead times | ||
| 260 | _c2001 | ||
| 490 |
_aBuilding _v266(8191) 29 June 2001, 58-61(4) |
||
| 520 | _aTracks the lead times of 38 works packages, reporting that only those for demountable partitions, LV switchgear and raised floors have fallen, whilst those for escalators and steel frames have remained the same. Lead times for curtain walling, data and voice cabling, ductwork, generators mechanical packages, metal windows, precast concrete frames, piling and uninterruptible power supply have all gone up. Focuses on the number of enquiries received by manufacturers, lead times, order levels and tender prices for structural steel frames. | ||
| 590 | _aABS | ||
| 650 | _aBUILDING COMPONENTS | ||
| 650 | _aBUILT ENVIRONMENT-BUILDING MATERIALS | ||
| 650 | _aLEAD TIMES | ||
| 650 | _aSTRUCTURAL STEEL | ||
| 650 | _aSUPPLY AND DEMAND | ||
| 690 | _aBUILT ENVIRONMENT-BUILDING MATERIALS | ||
| 710 |
_aGardiner and Theobald _9719 |
||
| 942 | _n0 | ||
| 999 |
_c67659 _d67659 |
||